|
|
|
|
| LEADER |
01720nam a2200373 a 4500 |
| 001 |
40233 |
| 003 |
BD-DhAAL |
| 005 |
20221214150949.0 |
| 008 |
221214t1985 bg b 100 0 eng d |
| 999 |
|
|
|c 45184
|d 45184
|
| 010 |
|
|
|a 85904341
|
| 020 |
|
|
|c Tk100.00 ($10.00 U.S.)
|
| 040 |
|
|
|a DLC
|c DLC
|d DLC
|d BD-DhAAL
|
| 043 |
|
|
|a a------
|a a-bg---
|
| 050 |
0 |
0 |
|a JS6950
|b .D42 1985
|
| 082 |
0 |
0 |
|a 350.0073095
|
| 245 |
0 |
0 |
|a Decentralisation, local government institutions and resource mobilisation /
|c edited by Hasnat Abdul Hye.
|
| 260 |
|
|
|a Comilla, Bangladesh :
|b Bangladesh Academy for Rural Development,
|c c1985.
|
| 300 |
|
|
|a 377 pages ;
|c 23 cm.
|
| 504 |
|
|
|a Includes bibliographical references.
|
| 541 |
|
|
|a Donated By Akbar Ali Khan
|e 40233
|
| 650 |
|
0 |
|a Decentralization in government
|z Asia
|x Congresses.
|9 52905
|
| 650 |
|
0 |
|a Local government
|z Asia
|x Congresses.
|9 52906
|
| 650 |
|
0 |
|a Rural development
|z Asia
|x Congresses.
|9 52907
|
| 650 |
|
0 |
|a Decentralization in government
|z Bangladesh
|x Congresses.
|9 52908
|
| 650 |
|
0 |
|a Local government
|z Bangladesh
|x Congresses.
|9 52909
|
| 650 |
|
0 |
|a Rural development
|z Bangladesh
|x Congresses.
|9 52910
|
| 650 |
|
0 |
|a Public administration.
|9 52914
|
| 700 |
1 |
|
|a Hye, Hasnat Abdul.
|9 52911
|
| 710 |
2 |
|
|a Bangladesh Academy for Rural Development.
|9 52912
|
| 711 |
2 |
|
|a International Seminar on "Decentralisation, Local Government INstitutions and Resource Mobilisation"
|d (1985 :
|c Comilla, Bangladesh)
|9 52913
|
| 852 |
|
|
|a Ayesha Abed Library
|c Akbar Ali Khan Collection
|
| 942 |
|
|
|2 ddc
|c BK
|
| 952 |
|
|
|0 0
|1 0
|2 ddc
|4 0
|6 350_007309500000000_DEC
|7 1
|9 72497
|a BRACUL
|b BRACUL
|c AAKC
|d 2022-12-14
|e Donated by Akbar Ali Khan
|g 100.00
|l 0
|o 350.0073095 DEC
|p 3010040233
|r 2022-12-14
|t 1
|w 2022-12-14
|y BK
|